Rozvoj infrastruktury průmyslově vyspělých zemí

Uložené v:
Podrobná bibliografia
Hlavný autor: Švehlová, Eva
Médium: Kniha
Jazyk:Czech
Vydavateľské údaje: Praha Ústředí vědeckých, technických a ekonomických informací 1983
Tagy: Pridať tag
Žiadne tagy, Buďte prvý, kto otaguje tento záznam!

MARC

LEADER 00000nam a2200000 4500
001 c132017
005 20251111113419.7
041 0 |a cze 
044 |a CZ 
245 1 0 |a Rozvoj infrastruktury průmyslově vyspělých zemí  |c Eva Švehlová 
264 1 |a Praha  |b Ústředí vědeckých, technických a ekonomických informací  |c 1983 
300 |a 107 s. 
100 1 |a Švehlová, Eva